Generic bi directional ring network emulator over TCP/IP (Record no. 296796)

000 -LEADER
fixed length control field 00338 a2200121 4500
001 - CONTROL NUMBER
control field 61723
082 ## - DEWEY DECIMAL CLASSIFICATION NUMBER
Classification number 378.242 ATI
090 ## - LOCALLY ASSIGNED LC-TYPE CALL NUMBER (OCLC); LOCAL CALL NUMBER (RLIN)
-- 37140
-- 37140
100 ## - MAIN ENTRY--PERSONAL NAME
Personal name Atiq ul Anam
245 ## - TITLE STATEMENT
Title Generic bi directional ring network emulator over TCP/IP
260 ## - PUBLICATION, DISTRIBUTION, ETC.
Place of publication, distribution, etc. Risalpur
Name of publisher, distributor, etc. Avionics Engg Dept, CAE NUST, Risalpur
Date of publication, distribution, etc. 2002
500 ## - GENERAL NOTE
General note MS thesis
942 ## - ADDED ENTRY ELEMENTS (KOHA)
Institution code [OBSOLETE] NUST-CAE
Call number prefix 378.242 ATI
Holdings
Withdrawn status Lost status Damaged status Not for loan Collection code Permanent Location Current Location Date acquired Total Checkouts Full call number Barcode Date last seen Price effective from Koha item type
          College of Aeronautical Engineering (CAE) College of Aeronautical Engineering (CAE) 04/03/2017   378.242 ATI CAEG-5481 04/05/2017 04/05/2017 Book
© 2023 Central Library, National University of Sciences and Technology. All Rights Reserved.